| 000 | 00697nam a22002657a 4500 | ||
|---|---|---|---|
| 001 | BR9600968 | ||
| 003 | BR-BrBNA | ||
| 005 | 20230928094933.0 | ||
| 007 | ta | ||
| 008 | 230509b bl.||||| |||| 00| 0 por d | ||
| 040 |
_aBR-BrBNA _bpor _cBiblioteca Nacional de Agricultura |
||
| 041 | _a(Por) | ||
| 072 | _aS40 | ||
| 090 | _ S40 BR9600968 | ||
| 100 | 1 | _aLanore, R. de | |
| 245 | 1 | _aManual basico de alimentacao escolar | |
| 260 | 3 |
_aRio de Janeiro, RJ (Brasil): _bVictor, _c[nd]. |
|
| 300 | _a238 p. | ||
| 500 | _a11 illus. | ||
| 650 | _aNutricao Humana | ||
| 650 | _aPrograma de Nutricao | ||
| 650 | _aComposicao de Alimento | ||
| 909 |
_a202309 _bLucia _c55 _dLucia Elande |
||
| 942 | _cBK | ||
| 999 |
_c53536 _d53536 |
||